| 000 | 00966nas a2200301 4500 | ||
|---|---|---|---|
| 001 | BR2013001865 | ||
| 003 | BR-BrBNA | ||
| 005 | 20231205122031.0 | ||
| 007 | ta | ||
| 008 | 230509b bl.|||p| |||| 00| 00por d | ||
| 040 |
_aBR-BrBNA _bpor _cBiblioteca Nacional de Agricultura |
||
| 041 | _a(Pt) | ||
| 072 | _aQ04; Q02 | ||
| 100 | 1 | _aMiranda, M.B. de | |
| 100 | 1 | _aMartins, N.G.S. | |
| 100 | 1 | _aBelluco, A.E. de S. | |
| 100 | 1 | _aHorii, J. | |
| 100 | 1 | _aAlcarde, A.R. | |
| 245 | 1 | _aPerfil físico-químico de aguardente durante envelhecimento em tonéis de carvalho | |
| 650 | _aCACHAÇA | ||
| 650 | _aMATURAÇÃO | ||
| 650 | _aCOMPOSIÇÃO QUÍMICA | ||
| 650 | _aPROPRIEDADE FÍSICO-QUÍMICA | ||
| 773 | 0 |
_tCiência e Tecnologia de Alimentos (Brazil) _xISSN 1678-457X _g(Dec 2008), V. 28(Suplemento) p. 84-89 _wBR2013001865 |
|
| 856 | 4 | 0 | _uhttp://www.scielo.br/pdf/cta/v28s0/14.pdf |
| 909 |
_a202311 _bLúcia _c55 _dLúcia Elande |
||
| 942 |
_2AGRIS _n0 _cANA |
||
| 999 |
_c226566 _d226566 |
||